000 00710nam a2200217Ia 4500
001 5567
003 GE_BSU
008 181216s||||||||xx |||||||||||||| ||und||
040 _cGE_BSU
080 _a517.2(075.8)
100 _aКаплан И.А.
245 _aПрактические занятия по высшей математике.
245 _bЧасть 2.Дифференциальное исчисление функций одной и многих независы переменам
250 _aизд.5-е
260 _aХарков
260 _bВища.школа
260 _c1973
300 _a. 366 с.
653 _aПрактические занятия
942 _cBK
999 _c39046
_d39046